| 000 | 00370nam a2200133Ia 4500 | ||
|---|---|---|---|
| 008 | 220217s9999||||xx |||||||||||||| ||und|| | ||
| 020 | _a0-07-463625-1 | ||
| 082 | _a004.62 GRO | ||
| 100 | _aGroff, James, R Weinberg, Paul, N | ||
| 245 | 0 | _aSQL the complete reference | |
| 260 |
_aTata mcgraw hill _bNew Delhi _c1999 |
||
| 300 | _b450 | ||
| 650 | _aCOMPUTER NETWORK | ||
| 999 |
_c166243 _d166243 |
||